000 00770nam a2200217Ia 4500
001 13950
003 GE_BSU
008 181216s||||||||xx |||||||||||||| ||und||
040 _cGE_BSU
080 _a663/664
100 _aПетров,И.К.
245 _aТехнологические измерения и приборы пищевой промышленности.
245 _bУчебник.
245 _cРед. Е.И.Якубович.
260 _aМ.
260 _bПищевая промышленность.
260 _c1973.
300 _a367 стр. 22см. с илл. Библиогр.: стр.362-363.
653 _aТехнологические измерения и приборы пищевой промышленности.
942 _cBK
999 _c47093
_d47093